Statistics for The best floorball teams in the world.

Click here to take the quiz!

General Stats

  • This quiz has been taken 174 times
  • The average score is 5 of 16

Answer Stats

HintAnswer% Correct
SWEFalun IBF
70%
SWEStorvreta IBK
51%
FINEspoo Oilers
44%
FINHappee
42%
FINSPV
38%
SWEPixbo Wallenstam IBK
34%
FINSSV
34%
SUISV Wiler - Ersigen
26%
SWEAIK IBF
24%
SUIGC Zürich
24%
SWEIBK Dalen
24%
SUIUHC Alligator Malans
13%
CZEVitkovice
13%
CZETatran Střešovice
12%
SWEWarberg IC
10%
SUIUHC Tigers Langnau
9%

Score Distribution

Percentile by Number Answered

Percent of People with Each Score

Your Score History

You have not taken this quiz